Die Kategorie des Eigenständigen in der europäische Kultur

Bibliographic Details
Main Author: Šišková, Ingeborg, 1940- (Author)
Format: Article
Language:German
Subjects:

MARC

LEADER 00000nab a2200000 a 4500
001 vtls010553966
003 SK-MaSNL
005 20260303085534.0
008 131025 1998 xo 100 a ger
015 |a SNBRA 2012/09  |2 svkbbbg 
038 |a SVKBBBG 
040 |a SVKBBBG  |b slo  |c SVKBBBG  |e AACR2 
041 1 |a ger  |b slo 
044 |a xo  |c SK 
072 7 |a 316.7  |x Sociológia kultúry. Kultúrny život  |2 konspekt 
080 |a 316.7  |2 2001 
080 |a (4)  |2 2001 
100 1 |a Šišková, Ingeborg,  |d 1940-  |4 aut  |9 7152 
245 1 4 |a Die Kategorie des Eigenständigen in der europäische Kultur  |c Ingeborg Šišková 
246 3 3 |a Kategória svojbytnosti v európskej kultúre 
500 |a Prednesené na medzinárodnej muzikologickej konferencii, Bratislava, 3.-5. október 1996 
546 |a Text v nemčine; res. v slovenčine 
650 0 7 |a kultúra  |2 SNKPH  |9 886 
651 7 |a Európa  |2 SNKPHgeo  |9 167569 
773 0 |t Národné, individuálne a univerzálne prvky v hudbe : zborník príspevkov z medzinárodnej muzikologickej konferencie ...  |d Banská Bystrica : Nadácia Jána Levoslava Bellu, 1998  |g S. 25-28  |z 8096810677 
852 |a SVKBB  |b KIS3GCP 
999 |c 1799607  |d 1801537